Missing Word: All About Disney Quiz Stats

 Plays Quiz Updated Feb 26, 2015

Challenge
Share
Tweet
Embed
Score 0/24 Timer 03:00
3 Plays Today
Hint Missing Word % Correct
____ PoppinsMary
96.7%
When You ____ Upon A StarWish
95.3%
Lady and the ____Tramp
95.1%
A Whole New ____World
92.6%
Honey, I ____ the KidsShrunk
92.4%
____-It RalphWreck
91.5%
The ____ DiariesPrincess
86.5%
One Hundred and One ____Dalmatians
85%
____ UniversityMonsters
84.8%
Who ____ Roger RabbitFramed
83.9%
Big ____ 6Hero
75.1%
Do You Want to Build A ____?Snowman
74.4%
Hint Missing Word % Correct
____ & CompanyOliver
72.6%
Buena ____Vista
66.4%
Pixar ____ StudiosAnimation
62.7%
____ of the WindColors
58.9%
Meet the ____Robinsons
58.1%
Saludos ____Amigos
57.6%
Into the ____Woods
46.1%
____ WillieSteamboat
39.6%
American ____ CompanyBroadcasting
26.9%
____ O. DisneyRoy
22.5%
Hong Kong ____ ResortDisneyland
17.9%
____ IgerRobert
16.6%

Today's Daily Dose

You're not logged in!

Compare scores with friends on all Sporcle quizzes.
OR
Log In

You Might Also Like...

Show Comments

Extras

Top Quizzes Today


Score Distribution

Your Account Isn't Verified!

In order to create a playlist on Sporcle, you need to verify the email address you used during registration. Go to your Sporcle Settings to finish the process.

Report this User

Report this user for behavior that violates our Community Guidelines.

Details: